Prima Lettera delle Città Svedesi - Statistics

Statistiche generali
  • Questo quiz è stato fatto 24 volte
  • Il punteggio medio è 11 su 20
Statistiche sulle risposte
Hint Risposta % Corretto
_öteborg G
100%
_ppsala U
100%
_almö M
95%
_toccolma S
95%
_elsingborg H
86%
_arlstad K
77%
_rebro O
73%
_ästerås V
68%
_ngelholm A
64%
_skilstuna E
59%
_orrköping N
59%
_önköping J
55%
_orås B
32%
_inköping L
32%
_stad Y
23%
_alun F
18%
_iteå P
18%
_anderyd D
14%
_onneby R
9%
_äby T
5%
Nessun quiz corrispondente trovato
Distribuzione punteggi
Percentuale di utenti per punteggio
Percentile per numero di risposta
I tuoi punteggi nel tempo
Non hai fatto questo quiz